A Single Man

Kaydedildi:
Detaylı Bibliyografya
Yazar: Isherwood, Christopher
Materyal Türü: Kitap
Dil:English
Baskı/Yayın Bilgisi: New York, Estados Unidos Simonond Schuster 1964
Konular:
Etiketler: Etiketle
Etiket eklenmemiş, İlk siz ekleyin!

MARC

LEADER 00000nam a2200000Ia 4500
008 170316s9999 xx 000 0 eng d
040 |a cru BVZT 
090 |a 810 I-4a 
100 |a Isherwood, Christopher 
245 2 |a A Single Man 
260 |a New York, Estados Unidos 
260 |b Simonond Schuster 
260 |c 1964 
300 |a 186 páginas 
650 |a LITERATURA ESTADOUNIDENSE 
999 |c 5783  |d 5783 
942 |c 15 D  |h 810 I-4a  |2 z